| Tag |
First Indicator |
Second Indicator |
Subfields |
| LEADER |
00000nam a2200000Ia 4500 |
| 001 |
in00004274113 |
| 005 |
20200810075355.0 |
| 006 |
m g d |
| 007 |
cr bn |||a|bb| |
| 008 |
850924s1686 enk o 00| | eng d |
| 035 |
|
|
|a (OCoLC)12594291
|
| 040 |
|
|
|a EAA
|c EAA
|d m/c
|d WaOLN
|
| 037 |
|
|
|a CL0037000020
|b ProQuest Information and Learning. 300 N. Zeeb Rd., Ann Arbor, MI 48106
|
| 049 |
|
|
|a UMIA
|
| 100 |
1 |
|
|a Scott, John,
|d 1639-1695.
|
| 245 |
1 |
4 |
|a The Christian life.
|n Part I :
|b from its beginning to its consummation in glory : together with the several means and instruments of Christianity conducing thereunto : with directions for private devotion, and forms of prayer fitted to the several states of Christians /
|c John Scott ...
|
| 250 |
|
|
|a The fourth edition corrected.
|
| 260 |
|
|
|a London :
|b Printed by R.N. for Walter Kettilby ...,
|c 1686.
|
| 300 |
|
|
|a 1 online resource ([30], 436 pages)
|
| 336 |
|
|
|a text
|b txt
|2 rdacontent
|
| 337 |
|
|
|a computer
|b c
|2 rdamedia
|
| 338 |
|
|
|a online resource
|b cr
|2 rdacarrier
|
| 500 |
|
|
|a Reproduction of original in Cambridge University Library.
|
| 510 |
4 |
|
|a Wing
|c S2046
|
| 510 |
4 |
|
|a Arber's Term cat.
|c II 181
|
| 533 |
|
|
|a Electronic reproduction.
|b Ann Arbor, Mich. :
|c UMI,
|d 1999-
|f (Early English books online)
|n Digital version of: (Early English books, 1641-1700 ; 702:12)
|7 s1999 miun s
|
| 650 |
|
0 |
|a Christian life
|x Anglican authors.
|
| 830 |
|
0 |
|a Early English books online.
|
| 856 |
4 |
0 |
|u http://proxy.library.tamu.edu/login?url=https://search.proquest.com/docview/2240956593
|z Connect to the full text of this electronic book
|t 0
|
| 999 |
f |
f |
|s 04c627aa-0e87-3894-a74c-514ef4621f6c
|i 5dc022b4-65bd-325e-b5b4-c45b3e4fb0f6
|t 0
|
| 952 |
f |
f |
|a Texas A&M University
|b College Station
|c Electronic Resources
|d Available Online
|t 0
|h No information provided
|
| 998 |
f |
f |
|t 0
|l Available Online
|